000 00357nam a2200157Ia 4500
008 221030s9999 xx 000 0 und d
020 _a8120317750
041 _aEnglish
082 _a105.23
_bTre
100 _aC. Trepper
245 0 _aE- Commerce Strategies
260 _bPHI
_aNew Delhi
_c2001
300 _a341
650 _aMBA Computers
942 _cBK
999 _c1718
_d1718